Zonificación agroecológica de Colombia (Registro nro. 467)

Detalles MARC
000 -CABECERA
Campo de control 00822nam a2200277 a 4500
005 - FECHA Y HORA DE LA ULTIMA TRANSACCION
Campo de control 20200104041511.0
008 - ELEMENTOS DE LONGITUD FIJA—INFORMACION GENERAL
Campo de control 140220b1985 ck ||||| |||| 00| 0 spa d
040 ## - FUENTE DE CATALOGACIÓN
Agencia catalogadora original CO-BoIAVH
Agencia transcriptora CO-BoIAVH
041 ## - IDIOMA
Código de idioma para texto/pista de sonido o título separado Español
044 ## - PAÍS DE PUBLICACIÓN
País de publicación Colombia
082 ## - NUMERO DE CLASIFICACION DECIMAL DEWEY
Número de clasificación 338.16
Número del ítem L83z
100 1# - ASIENTO PRINCIPAL--NOMBRE PERSONAL
Nombre personal Cortés Lombana, Abdón
245 ## - MENCION DE TITULO
Título Zonificación agroecológica de Colombia
Parte restante del título memoria explicativa
260 ## - PUBLICACION, DISTRIBUCION, ETC. (PIE DE IMPRENTA)
Lugar de publicación, distribución, etc. Bogotá
Nombre del editor, distribuidor, etc. IGAC
Fecha de publicación, distribución, etc. 1985
300 ## - DESCRIPCION FISICA
Extensión 58 paginas
650 16 - ASIENTO SECUNDARIO DE MATERIA - TERMINO TEMATICO
Término temático o nombre geográfico como elemento de entrada Zonas agroecológicas
650 16 - ASIENTO SECUNDARIO DE MATERIA - TERMINO TEMATICO
Término temático o nombre geográfico como elemento de entrada Agroecología
650 16 - ASIENTO SECUNDARIO DE MATERIA - TERMINO TEMATICO
Término temático o nombre geográfico como elemento de entrada Clima
650 16 - ASIENTO SECUNDARIO DE MATERIA - TERMINO TEMATICO
Término temático o nombre geográfico como elemento de entrada geomorfología
662 ## - ASIENTO SECUNDARIO DE MATERIA - JERARQUIA DEL NOMBRE DE LUGAR(
País o entidad mayor Colombia
700 ## - ASIENTO SECUNDARIO - NOMBRE PERSONAL
Nombre personal Olmos Martínez, Elias
700 ## - ASIENTO SECUNDARIO - NOMBRE PERSONAL
Nombre personal Palacino de Walteros, Ana María
700 ## - ASIENTO SECUNDARIO - NOMBRE PERSONAL
Nombre personal Suárez Montes, José Guillermo
700 ## - ASIENTO SECUNDARIO - NOMBRE PERSONAL
Nombre personal Villaneda Vivas, Edgar
942 ## - ELEMENTOS ADICIONALES (KOHA)
Tipo de ítem Libro
Sistema de clasificación Dewey Decimal Classification
Existencias
Withdrawn status Lost status Sistema de Clasificación Damaged status No para préstamo Colección Inventariado Ubicación Permanente Ubicación actual Fecha de adquisición Fuente de Valor Valor Total Checkouts Número topográfico Inventario / Código de Barras Date last seen Ejemplar Price effective from Forma de adquisición Tipo de material
    Dewey Decimal Classification     General Inventariado 2017 Bogotá Bogotá 01/07/1998 Instituto 50000.00   LB-338.16 L83z 000639 04/12/2012 Ej. 1 04/12/2012 Donación Libro
    Dewey Decimal Classification     General Inventariado 2017 Sala Fabio Quevedo Sala Fabio Quevedo 10/12/2002 Instituto 20000.00   LB-338.16 L83z 000640 04/12/2012 Ej. 2 04/12/2012   Libro